The astrological diary of god /

Bibliographic Details
Main Author: Fowler, Bo, 1971-
Format: Book
Language:English
Published: New York : Bloomsbury : 2001.
Edition:1st U.S. ed.
Subjects:

MARC

Tag First Indicator Second Indicator Subfields
LEADER 00000cam a2200000Ia 4500
001 in00001601607
005 20151023051351.0
008 010404s2001 nyu a 000 1 eng d
020 |a 1582341184 
035 |a (OCoLC)ocm46668198 
040 |a NTG  |c NTG  |d TXA  |d UtOrBLW 
049 |a TXAM 
090 |a PR6056.O844  |b A85 2001 
100 1 |a Fowler, Bo,  |d 1971- 
245 1 4 |a The astrological diary of god /  |c Bo Fowler. 
250 |a 1st U.S. ed. 
264 1 |a New York :  |b Bloomsbury :  |c 2001. 
264 2 |a New York :  |b Distributed by St. Martin's Press, 
300 |a 295 pages :  |b illustrations ;  |c 21 cm. 
336 |a text  |b txt  |2 rdacontent 
337 |a unmediated  |b n  |2 rdamedia 
338 |a volume  |b nc  |2 rdacarrier 
650 0 |a Religious satire  |v Fiction. 
655 7 |a Humorous fiction.  |2 gsafd 
994 |a E0  |b TXA 
948 |a cataloged  |b h  |c 2001/4/18  |d c  |e ceaton  |f 3:25:25 pm 
999 |a MARS 
999 f f |s 38bfca6c-800a-3bbd-86f6-e72d54d75dc9  |i 79cbc690-3e42-38de-9ff4-54b26afeb414  |t 0 
952 f f |p normal  |a Texas A&M University  |b College Station  |c Sterling C. Evans Library  |d Evans: Library Stacks  |t 0  |e PR6056.O844 A85 2001  |h Library of Congress classification  |i unmediated -- volume  |m A14827641997 
998 f f |a PR6056.O844 A85 2001  |t 0  |l Evans: Library Stacks